गजानन विजय भक्तिरसास्वाद (Record no. 1354883)

MARC details
000 -LEADER
fixed length control field 01251nam a2200181Ia 4500
008 - FIXED-LENGTH DATA ELEMENTS--GENERAL INFORMATION
fixed length control field 151202s9999||||xx |||||||||||||| ||und||
082 ## - DEWEY DECIMAL CLASSIFICATION NUMBER
Item number PNVM-124756
100 ## - MAIN ENTRY--PERSONAL NAME
Personal name माधवानंद डॉ. माधव नगरकर स्वामी स्वरूपानंद पावस यांचे उत्तराधिकारी
245 ## - TITLE STATEMENT
Title गजानन विजय भक्तिरसास्वाद
260 ## - PUBLICATION, DISTRIBUTION, ETC. (IMPRINT)
Name of publisher, distributor, etc स्वरूपयोग प्रतिष्ठान ८८५/३ शिवाजीनगर भांडारकर रोड गल्ली ६ पुणे ४११
260 ## - PUBLICATION, DISTRIBUTION, ETC. (IMPRINT)
Date of publication, distribution, etc 2013
300 ## - PHYSICAL DESCRIPTION
Extent 404
600 ## - SUBJECT ADDED ENTRY--PERSONAL NAME
Personal name माधवानंद डॉ. माधव नगरकर स्वामी स्वरूपानंद पावस यांचे उत्तराधिकारी
630 ## - SUBJECT ADDED ENTRY--UNIFORM TITLE
Uniform title गजानन विजय भक्तिरसास्वाद
700 ## - ADDED ENTRY--PERSONAL NAME
Personal name माधवानंद डॉ. माधव नगरकर स्वामी स्वरूपानंद पावस यांचे उत्तराधिकारी
730 ## - ADDED ENTRY--UNIFORM TITLE
Uniform title गजानन विजय भक्तिरसास्वाद
942 ## - ADDED ENTRY ELEMENTS (KOHA)
Koha item type Book
Holdings
Withdrawn status Lost status Damaged status Not for loan Home library Current library Date acquired Cost, normal purchase price Total Checkouts Full call number Barcode Date last seen Cost, replacement price Price effective from Koha item type
        Pune Nagar Vachan Mandir, Pune Pune Nagar Vachan Mandir, Pune 08/04/2015 200.00   PNVM-124756 PNVM-124756 12/02/2015 200.00 12/02/2015 Book